Como se motiva el éxito económico (Registro nro. 5917)

Detalles MARC
000 -LEADER
fixed length control field 01599 a2200241 4500
001 - CONTROL NUMBER
control field 55355
005 - DATE AND TIME OF LATEST TRANSACTION
control field 20260407155827.0
008 - FIXED-LENGTH DATA ELEMENTS--GENERAL INFORMATION
fixed length control field 260407a1970 arg spa d
003 - CONTROL NUMBER IDENTIFIER
control field AR-UNSa-BCEJYS
040 ## - CATALOGING SOURCE
Original cataloging agency AR-UNSa-BCEJYS
Language of cataloging spa
Transcribing agency AR-UNSa-BCEJYS
080 ## - UNIVERSAL DECIMAL CLASSIFICATION NUMBER
Universal Decimal Classification number 316.628
Common auxiliary subdivision Motivación del comportamiento social. Necesidades. Aspiraciones. Motivos primarios, impulsos. Motivos secundarios, adquiridos (motivos sociales). Conflicto de motivos
041 ## - LANGUAGE CODE
Language code of text/sound track or separate title spa
100 1# - MAIN ENTRY--PERSONAL NAME
Personal name McClelland, David C.
245 10 - TITLE STATEMENT
Title Como se motiva el éxito económico
264 #1 - PRODUCTION, PUBLICATION, DISTRIBUTION, MANUFACTURE, AND COPYRIGHT NOTICE
Place of production, publication, distribution, manufacture México :
Name of producer, publisher, distributor, manufacturer Unión Tipográfica Editorial Hispano-Americana (UTEHA)
Date of production, publication, distribution, manufacture, or copyright notice 1970
300 ## - PHYSICAL DESCRIPTION
Extent xxii, 424 p.
Dimensions 23 cm.
505 ## - FORMATTED CONTENTS NOTE
Formatted contents note 1. Blanco del desarrollo: ¿El hombre o la sociedad? - 2. ¿Pueden los alumnos adquirir una fuerte necesidad de alcanzar el éxito? - 3. Planificación de un proyecto de desarrollo de negocios comunitarios - 4. Reclutamiento de hombres de negocios para el proyecto - 5. Naturaleza de los cursos de motivación del éxito en el Instituto SIET - 6. Cambio en las actividades de negocios despúes del adiestramiento - 7. Efectos del curso: resúmenes estadísticos - 8. Efectos de los cursos: algunos casos individuales - 9. Características de los participantes que cambiaron en el curso - 10. Estudios de casos - 11. Efecto psicológico del adiestramiento en motivación del éxito - 12. El papel de la educación psicológica en el desarrollo
590 ## - LOCAL NOTE (RLIN)
Local note niveau_biblio:m niveau_hierar:0
700 1# - ADDED ENTRY--PERSONAL NAME
Personal name Winter, David G.
700 1# - ADDED ENTRY--PERSONAL NAME
Personal name Winter, Sara K.
700 1# - ADDED ENTRY--PERSONAL NAME
Personal name Fernández Cepero, Manuel de J.
942 ## - ADDED ENTRY ELEMENTS (KOHA)
Koha item type
Existencias
Withdrawn status Lost status Damaged status Not for loan Home library Current library Shelving location Date acquired Total checkouts Full call number Barcode Date last seen Price effective from Koha item type
        Biblioteca Prof. Eusebio Cleto del Rey Biblioteca Prof. Eusebio Cleto del Rey   07/04/2026   316.628 M478 L22031 07/04/2026 07/04/2026 Libro
        Biblioteca Prof. Eusebio Cleto del Rey Biblioteca Prof. Eusebio Cleto del Rey   07/04/2026   316.628 M478 L22023 07/04/2026 07/04/2026 Libro